Регионална библиотека "Любен Каравелов" - Русе

Празнината (Запис номер 347151)

MARC детайли
000 -Лидер
Контролно поле с фиксирана дължина 00972nam a22002657a 4500
003 - Код на организацията, давaща контролен номер
Контролно поле BLK
005 - Дата и час на последна редакция
Контролно поле 20230925135526.0
008 - Елементи от данни с фиксирана дължина
fixed length control field 191211b bu ||||| |||| 00| 0 bu d
020 ## - Международен стандартен номер на книга ISBN
Международен стандартен номер на книга ISBN 9789544801205
040 ## - Източник на каталожния запис
Идентификатор на билиотеката - собственик на записа BLK
041 ## - Код за език
Код за езика на текст/звукозапис или на отделно заглавие Български
Код за езика КДБФ Български
080 ## - УДК
Текстов определител УДК Англоканадска литература
УДК код - определител по УДК 821.111(71)
УДК определител -312.4
УДК - код + определител 821.111(71)-312.4
100 ## - Редна дума - Автор
Автор Върмет, Катерина
Авторска отговорност първи автор
R(LIN) 1299
139 ## - Редно поле
Редна дума Върмет, Катерина
Авторски знак Вър - В 97
245 ## - Сведения за заглавието
Заглавие Празнината
260 ## - Област на издателските данни
9 (RLIN) 210075
Място на издаване, разпространение и проч. София
Име на издателя, разпространителя и проч. Жар
Година на издаване 2018
300 ## - Физическа характеристика
Страници 351 с.
Размери/Мащаб 21 см
380 ## - Жанр
Жанр Худож. лит.
700 ## - Други автори (авторска отговорност)
9 (RLIN) 966
Лично име Стоева, Мария
Автороска отговорност (Описва отношението между автора и произведението) прев.
700 ## - Други автори (авторска отговорност)
9 (RLIN) 1311
Лично име Сакалова, Златина
Автороска отговорност (Описва отношението между автора и произведението) ред.
700 ## - Други автори (авторска отговорност)
9 (RLIN) 1311
Лично име Джуброва, Симеона Николова
Автороска отговорност (Описва отношението между автора и произведението) ред.
700 ## - Други автори (авторска отговорност)
9 (RLIN) 390420
Лично име Варнелиева, Мария
Автороска отговорност (Описва отношението между автора и произведението) кор.
999 ## - СИСТЕМНИ КОНТРОЛНИ НОМЕРА
Koha biblionumber 347151
Koha biblioitemnumber 347151
942 ## - АРТИКУЛИ
Вид на библиотечния материал Книги
Скрит в OPAC Не
Периодичен библиозапис Да
Koha issues (borrowed), all copies 14
944 ## - СЪЗДАВАНЕ И РЕДАКЦИЯ на ЗАПИСА
Създаване/Редакция Създаване
Дата на регистрацията/редакция 2019-12-11
Служител, извършил регистрацията/редакцията 30564
Статус, дата на статуса Галина Якимова
Наличности
Код за отписване Код за изгубен артикул Източник на класификационната схема Код за повреда Коз за рестрикции Код за отдаване Артикулен № Име на библиотеката - собственик Име на библиотеката, в която се намира в момента Статус (Текущо местоположение) Дата на вписване в системата Местоположение - отдел Цена в лева Систематично азбучна сигнатура Баркод Цена в евро Служебен тип на артикула
  Не е изгубен Universal Decimal Classification Не е повреден без рестрикции заемане за дома 752253 Регионална библиотека "Любен Каравелов" Русе Регионална библиотека "Любен Каравелов" Русе Заемна - подръчен фонд 2019-12-12 Заемна - подръчен фонд 12.75 П 820(71)-31/В 97 120000840386 6.52 Книги
Vip Innovations Ltd, Rousse, Bulgaria 2025